Local Actors in Global Politics /
Tallennettuna:
| Päätekijä: | |
|---|---|
| Aineistotyyppi: | Teksti |
| Aiheet: | |
| Tagit: |
Lisää tagi
Ei tageja, Lisää ensimmäinen tagi!
|
MARC
| LEADER | 00000 a a2200000 04500 | ||
|---|---|---|---|
| 001 | 4712 | ||
| 003 | |||
| 040 | |||
| 100 | |a Sassen, Saskia | ||
| 245 | |a Local Actors in Global Politics / |c Saskia Sassen | ||
| 500 | |a Resumen también en francés y español en páginas 727-742 | ||
| 650 | |a GLOBALIZACION | ||
| 650 | |a REDES SOCIALES | ||
| 650 | |a SOCIEDAD CIVIL | ||
| 650 | |a MOVIMIENTOS SOCIALES | ||
| 773 | |g volumen 52, número 4 monogr; páginas 649-670 | ||
| 999 | |c 30116 |d 30116 | ||
